Estadísticas para Geografía de Opción Múltiple #2

Haz click aquí para tomar la prueba!

Estadísticas generales

  • Esta prueba ha sido tomada 5.023 veces
  • La puntuación promedio es 10 de 15

Estadísticas de respuestas

PreguntaRespuesta% Correcto
¿Cuál de estos países tiene más fronteras?Alemania
80%
¿Cuál de estas ciudades tiene la mayor población?Shanghai
80%
¿Cuál de estos países tiene la mayor esperanza de vida?Japón
79%
¿Cuál de estos países tiene el mayor PIB per cápita?Suiza
79%
¿Cuál de estos estados de EE.UU. tiene el área más grande?California
69%
¿Cuál de estas islas tiene la mayor superficie terrestre?Madagascar
67%
¿Cuál de estos países tiene la mayor población?Brasil
66%
¿Cuál de estas ciudades tiene la mayor contaminación del aire?Delhi
66%
¿Cuál de estas cadenas montañosas tiene la mayor elevación máxima?Andes
65%
¿Cuál de estos ríos fluye a través de la mayoría de los países?Danubio
61%
¿Cuál de estas masas de agua tiene la mayor superficie?Golfo de México
58%
¿Cuál de estas capitales recibe más lluvia?Kuala Lumpur
58%
¿Cuál de estas ciudades es la más al norte?Londres
58%
¿Cuál de estos países tiene el mayor porcentaje de católicos?Polonia
57%
¿Cuál de estos países tiene la tasa de fertilidad más alta?Tanzania
33%

Distribución de puntuación

Porcentaje por número respondido

Porcentaje de gente con cada puntuación

Historial de tus puntuaciones

No has tomado esta prueba